000 01822nam0a2200337 4500
001 RU\NLR\bibl\1150284
005 20250615080110.0
010 _a5-78890117-0
_9300
021 _aRU
_b2007-65553
_93505
035 _a(NLR Aleph) 001137083
090 _a1394130
_c1394130
100 _a20071107d2007 |||y0rusy50 ca
101 0 _arus
102 _aRU
105 _ay |||||||||
200 1 _aОпыт социологического осмысления проблемы мобилизации как интегральной основы формирования высокопрофессиональных качеств курсантов и слушателей образовательных учреждений органов внутренних дел России
_e(по материалам социологических исследований)
_eмонография
_fВ.Е. Шинкевич
_gМ-во внутр. дел Рос. Федерации, Сиб. юрид. ин-т
210 _aКрасноярск
_cСибЮИ МВД России
_d2007
215 _a297 с.
_cил.
_d20
320 _aБиблиогр.: с. 236-258 (421 назв.)
606 1 _aВысшие учебные заведения МВД Российской Федерации
_xУчебно-воспитательная работа
_92500898
_3RU\NLR\auth\661483299
606 1 _aОрганы внутренних дел
_xКадры
_xСоциологические исследования
_91710030
_3RU\NLR\auth\661059703
686 _aЧ489.412
686 _aЧ489.413
686 _aС550.8
700 1 _aШинкевич
_bВ. Е.
_gВладимир Ефимович
_4070
801 0 _aRU
_bNLR
_c20071107
_gRCR
801 1 _aRU
_bNLR
_c20071107
830 _aпо ЭК
942 _cBOOK
980 _aNB